000 00789nam a2200241 a 4500
001 BRCA_6110
005 20190320205334.0
008 300611s1850----gw-#######---#000-0#ger-#
041 _ager
044 _agw
050 4 _aPT2647 .O84
_b.T4 1850
100 1 _aWolzogen und Neuhaus, Ernst Ludwig, Freiherr von.
_d1855-1934
_915437
245 1 0 _aDer Thronfolge
_cErnst Wolzogen.
260 _aStuttgart, Alemania
_bF. Engelhorn
_c[1850]
300 _a2 v.
_c18 cm.
440 0 _aEngelhorns Roman - Bibliothek
_v12-13
_915438
500 _aEstado físico: v. 1 encuadernación desprendida
500 _aK12
501 _aContenido: v. 1: Band 12 primera parte de la obra. v. 2: Band 13 segunda parte de la obra.
650 1 4 _aLiteratura Alemana
_96160
902 _aGFM
942 _2lcc
_cB
999 _c5797
_d5797